Contemporary legal issues: (Record no. 160592)

MARC details
000 -LEADER
fixed length control field 00702nam a22001937a 4500
005 - DATE AND TIME OF LATEST TRANSACTION
control field 20190213131535.0
010 ## - LCCN (DPL NO)
LC control number ENG-124741
020 ## - INTERNATIONAL STANDARD BOOK NUMBER
International Standard Book Number 9788186772676
Terms of availability 995.00
035 ## - SYSTEM CONTROL NUMBER
System control number EN-108273
037 ## - SOURCE OF ACQUISITION
Source of stock number/acquisition DBAD/PUB
082 ## - DEWEY DECIMAL CLASSIFICATION NUMBER
Classification number 346.730168
245 ## - TITLE STATEMENT
Title Contemporary legal issues:
Remainder of title prospects and challenges/
Statement of responsibility, etc edited by MD.Tabish Eqbal [and] Ali Faran Gulraz
260 ## - PUBLICATION, DISTRIBUTION, ETC. (IMPRINT)
Place of publication, distribution, etc New Delhi
Name of publisher, distributor, etc New Academic Publishers
Date of publication, distribution, etc 2016
270 ## - ADDRESS
Address 4760-61, 23, Ansari Road , Daryaganj
City New Delhi
Postal code 110002
Telephone number 011-23282663, 011-22413394
Electronic mail address napindia@newacademicpublishers.com
300 ## - PHYSICAL DESCRIPTION
Extent vi,193p.
Dimensions 23cm(Hb)
700 ## - ADDED ENTRY--PERSONAL NAME
Personal name Eqbal Tabish
710 ## - ADDED ENTRY--CORPORATE NAME
Corporate name or jurisdiction name as entry element Gulrez Ali Faran
942 ## - ADDED ENTRY ELEMENTS (KOHA)
Source of classification or shelving scheme Dewey Decimal Classification
Item type English Books
Classification part 346.730168
Call number suffix CON
Holdings
Withdrawn status Lost status Not for loan Collection code Home library Current library Date acquired Source of acquisition Cost, normal purchase price Full call number Barcode Copy number Cost, replacement price Koha item type
    Not For Loan Non-fiction D.B.Act.Division Patel Nagar 05/02/2019 DBAD/PUB 995.00 346.730168 CON EN-108273 1 995.00 English Books

© Delhi Public Library
Hit Counter
free hit counter